000 00466pab a2200169 454500
008 180718b2010 xxu||||| |||| 00| 0 eng d
100 _aBera, Bimal Kumar
245 _aExtent and intensity of poverty and inequality West Bengal vs. all major states of India
260 _c2010
300 _ap.205-238.
362 _aJul
650 _aIncome distribution - India
650 _aPoverty
773 _aIndian Journal of Economics
908 _aN
909 _a91687
999 _c91687
_d91687